<?xml version="1.0" encoding="UTF-8"?>
<collection xmlns="http://www.loc.gov/MARC21/slim">
 <record>
  <leader>01398aam a22002418a 4500</leader>
  <controlfield tag="001">00044429</controlfield>
  <controlfield tag="005">20190718100705.0</controlfield>
  <controlfield tag="008">120724s2011                  ||||||viesd</controlfield>
  <datafield tag="020" ind1="#" ind2="#">
   <subfield code="c">92000</subfield>
  </datafield>
  <datafield tag="041" ind1="0" ind2="#">
   <subfield code="a">vie</subfield>
  </datafield>
  <datafield tag="082" ind1="1" ind2="4">
   <subfield code="a">428</subfield>
   <subfield code="b">V207E</subfield>
  </datafield>
  <datafield tag="100" ind1="1" ind2="#">
   <subfield code="a">Taylor, Anne</subfield>
  </datafield>
  <datafield tag="245" ind1="1" ind2="0">
   <subfield code="a">Very easy Toeic</subfield>
   <subfield code="b">Beginning Toeic test-taking skill</subfield>
   <subfield code="c">Anne Taylor, Garrett Byrne</subfield>
  </datafield>
  <datafield tag="250" ind1="#" ind2="#">
   <subfield code="a">Second edition</subfield>
  </datafield>
  <datafield tag="260" ind1="#" ind2="#">
   <subfield code="b">Trẻ</subfield>
   <subfield code="c">2010</subfield>
   <subfield code="a">TP. Hồ Chí Minh</subfield>
  </datafield>
  <datafield tag="300" ind1="#" ind2="#">
   <subfield code="a">259tr.</subfield>
   <subfield code="c">26cm.</subfield>
   <subfield code="e">2 CD</subfield>
  </datafield>
  <datafield tag="653" ind1="#" ind2="#">
   <subfield code="a">Bài tập</subfield>
  </datafield>
  <datafield tag="653" ind1="#" ind2="#">
   <subfield code="a">Luyện thi</subfield>
  </datafield>
  <datafield tag="653" ind1="#" ind2="#">
   <subfield code="a">TOEIC</subfield>
  </datafield>
  <datafield tag="653" ind1="#" ind2="#">
   <subfield code="a">Tiếng Anh</subfield>
  </datafield>
  <datafield tag="700" ind1="1" ind2="#">
   <subfield code="a">Byrne, Garrett</subfield>
  </datafield>
  <datafield tag="852" ind1="#" ind2="#">
   <subfield code="j">KM.0028439</subfield>
   <subfield code="j">KM.0028448</subfield>
   <subfield code="j">KM.0028466</subfield>
   <subfield code="j">KM.0031205</subfield>
   <subfield code="j">KM.0031211</subfield>
   <subfield code="j">KM.0028454</subfield>
   <subfield code="j">KM.0031215</subfield>
   <subfield code="j">KM.0028453</subfield>
   <subfield code="j">KM.0031216</subfield>
   <subfield code="j">KM.0028452</subfield>
   <subfield code="j">KM.0031212</subfield>
   <subfield code="j">KM.0028438</subfield>
   <subfield code="j">KM.0028463</subfield>
   <subfield code="j">KM.0028469</subfield>
   <subfield code="j">KM.0031219</subfield>
   <subfield code="j">KM.0031220</subfield>
   <subfield code="j">KM.0031222</subfield>
   <subfield code="j">KM.0028461</subfield>
   <subfield code="j">KM.0028465</subfield>
   <subfield code="j">KM.0031217</subfield>
   <subfield code="j">KM.0028459</subfield>
   <subfield code="j">KM.0028458</subfield>
   <subfield code="j">KM.0031206</subfield>
   <subfield code="j">KM.0028467</subfield>
   <subfield code="j">KM.0028457</subfield>
   <subfield code="j">KM.0031214</subfield>
   <subfield code="j">KM.0028441</subfield>
   <subfield code="j">KM.0028443</subfield>
   <subfield code="j">KM.0028446</subfield>
   <subfield code="j">KM.0028447</subfield>
   <subfield code="j">KM.0028450</subfield>
   <subfield code="j">KM.0028456</subfield>
   <subfield code="j">KM.0028460</subfield>
   <subfield code="j">KM.0028462</subfield>
   <subfield code="j">KM.0028464</subfield>
   <subfield code="j">KM.0028468</subfield>
   <subfield code="j">KM.0028471</subfield>
   <subfield code="j">KM.0028473</subfield>
   <subfield code="j">KM.0031202</subfield>
   <subfield code="j">KM.0031203</subfield>
   <subfield code="j">KM.0031204</subfield>
   <subfield code="j">KM.0031207</subfield>
   <subfield code="j">KM.0031208</subfield>
   <subfield code="j">KM.0031218</subfield>
   <subfield code="j">KM.0031221</subfield>
   <subfield code="j">KM.0031223</subfield>
   <subfield code="j">KM.0028470</subfield>
   <subfield code="j">KM.0028451</subfield>
   <subfield code="j">KM.0028455</subfield>
   <subfield code="j">KM.0028445</subfield>
   <subfield code="j">KM.0028449</subfield>
   <subfield code="j">KM.0031210</subfield>
   <subfield code="j">KM.0031213</subfield>
   <subfield code="j">KM.0028440</subfield>
   <subfield code="j">KM.0028442</subfield>
   <subfield code="j">KM.0028444</subfield>
   <subfield code="j">KM.0028472</subfield>
   <subfield code="j">KM.0031209</subfield>
  </datafield>
  <datafield tag="980" ind1="#" ind2="#">
   <subfield code="a">Trung tâm Học liệu Lê Vũ Hùng, Trường Đại học Đồng Tháp</subfield>
  </datafield>
 </record>
</collection>
